000 00441nam a22001577a 4500
003 NUST
038 _asaima
082 _a004
_bMCS
100 _aAhmed, Naveen
_935209
245 _aAspect Oriented Design for Data Driven Projects /
260 _aIslamabad :
_bMCS - NUST,
_c2013
300 _a75 p. ;
_c30cm.
650 _aComputer Software Engineering-Aspect Oriented Design
_935210
700 _aDr. Fahim Arif
_920941
942 _2ddc
_cTHE
999 _c540919
_d540919